000 01196nam a2200289 a 4500
001 000007836
003 000007836
005 20230705110033.0
008 090911s1976 dr 001 0 spa d
040 _aBPMSU
_bspa
_cBPMSU
082 4 _aR016.9729307294
_bP128b 1976
_222
100 1 _aPagán Perdomo, Dato
245 1 0 _aBibliografía geológica y paleontológica de la Isla de Santo Domingo :
_bRepública Dominicana - República de Haití /
_cDato Pagán Perdomo ; edición Eridania Mir.
260 _aSanto Domingo :
_aUniversidad Autónoma de Santo Domingo,
_c1976.
300 _a219 p. ;
_c23 cm.
490 0 _aPublicaciones de la Universidad Autónoma de Santo Domingo;
_aCiencia y tecnología
_v212/4
_8
500 _aIncluye datos biográficos del autor en la contracubierta
500 _aIncluye índice
500 _aTexto en español e inglés
590 _6Inventariado, 2023/VM
650 4 _aGeología
_zRepública Dominicana
_vBibliografías
651 4 _aIsla Española (Haití y República Dominicana)
_vBibliografías
700 1 _aMir, Eridania
_eed.
710 2 _aUniversidad Autónoma de Santo Domingo
910 _aVMateo V. Control de calidad (BPMSU)
942 _2ddc
_cBK
999 _c7128
_d7128